[Event "Dimitrovgrad_Chmp_2023"]
[Site "Dimitrovgrad"]
[Date "2023.05.02"]
[Round "5"]
[White "Shapran, Stefaniya"]
[Black "Markelov, Aleksey"]
[Result "0-1"]
[WhiteElo "1793"]
[BlackElo "1956"]
[PlyCount "152"]

1. c4 e6 2. Nc3 Nf6 3. g3 d5 4. cxd5 exd5 5. Bg2 c6 6. e3 Bd6 7. Nge2 O-O 8.
O-O Bf5 9. Nd4 Bd3 10. Re1 Nbd7 11. Bf1 Nc5 12. b4 Bxf1 13. bxc5 Bh3 14. cxd6
Qxd6 15. Nde2 g5 16. f4 h6 17. Bb2 b5 18. a3 a5 19. Qc2 Rae8 20. Rac1 Ng4 21.
Nd1 Qe7 22. Nf2 Nxf2 23. Kxf2 Rc8 24. Ng1 Be6 25. Qc3 f6 26. Qxa5 c5 27. Qc3
Qd7 28. Qc2 Bf5 29. Qb3 Be6 30. Ne2 d4 31. Qd3 Bf5 32. e4 Bg6 33. f5 Bf7 34.
Nxd4 cxd4 35. Qxd4 Qxd4+ 36. Bxd4 Bc4 37. Rc3 Rcd8 38. Ke3 Rd7 39. Rec1 Rfd8
40. Rxc4 bxc4 41. Rxc4 Rd6 42. a4 R8d7 43. a5 Kf7 44. Bc3 Ra6 45. d4 Rb7 46.
Rb4 Rc7 47. Rb3 Ke7 48. Bb4+ Kf7 49. Bd2 Rc2 50. Rb5 Ra2 51. e5 fxe5 52. dxe5
Rc6 53. Rb7+ Ke8 54. Rb6 Rxb6 55. axb6 Rb2 56. h4 gxh4 57. gxh4 Rxb6 58. Ke4
Ra6 59. Kd5 Ra4 60. Bxh6 Rxh4 61. Be3 Rh3 62. Bc5 Rf3 63. Ke6 Rf1 64. f6 Rf3
65. Kd5 Rf4 66. Be7 Rf3 67. Ke4 Rf1 68. Kd5 Rf3 69. Bd6 Rf1 70. Bb4 Rf2 71. Bc3
Rf3 72. Bd4 Rf4 73. e6 Rf1 74. e7 Re1 75. Be5 Kf7 76. Kc6 Rxe5 0-1

[Event "Dimitrovgrad_Chmp_2023"]
[Site "Dimitrovgrad"]
[Date "2023.05.02"]
[Round "5"]
[White "Shaykin, Andrey"]
[Black "Pushkin, Sergey"]
[Result "1-0"]
[WhiteElo "1739"]
[BlackElo "1626"]
[PlyCount "33"]

1. e4 d6 2. d4 Nf6 3. Bd3 g6 4. h3 Bg7 5. c3 O-O 6. Nf3 Nc6 7. O-O e5 8. d5 Ne7
9. Bg5 c6 10. c4 Bd7 11. Nc3 Rc8 12. Qb3 Rc7 13. Qa3 a6 14. Qxd6 Nc8 15. Qxe5
Be8 16. Qf4 Qd7 17. Bxf6 1-0

[Event "Dimitrovgrad_Chmp_2023"]
[Site "Dimitrovgrad"]
[Date "2023.05.02"]
[Round "5"]
[White "Slaboganin, Vladimir"]
[Black "Kondyurin, Yakov"]
[Result "1-0"]
[WhiteElo "1950"]
[BlackElo "1600"]
[PlyCount "67"]

1. e4 e5 2. Nf3 d6 3. d4 Bg4 4. Be2 exd4 5. Nxd4 h5 6. Nc3 a6 7. Be3 Be7 8.
Bxg4 hxg4 9. Qxg4 g6 10. O-O-O Rh4 11. Qe2 Bg5 12. g3 Rh3 13. f4 Bh6 14. Nf3
Bg7 15. e5 Rh5 16. Bd4 d5 17. e6 f6 18. g4 Rh3 19. Qg2 Rxf3 20. Qxf3 c6 21. h4
Qa5 22. h5 b6 23. hxg6 Ra7 24. Rh7 Re7 25. g5 c5 26. Rxg7 Rxg7 27. gxf6 cxd4
28. fxg7 dxc3 29. bxc3 Qxa2 30. Rxd5 Nf6 31. Qd3 Qa3+ 32. Kd2 Nc6 33. Qf5 Qa2
34. g8=Q+ 1-0

[Event "Dimitrovgrad_Chmp_2023"]
[Site "Dimitrovgrad"]
[Date "2023.05.02"]
[Round "6"]
[White "Abramov, Alexander"]
[Black "Lazutin, Valerij"]
[Result "1-0"]
[WhiteElo "2103"]
[BlackElo "1935"]
[PlyCount "75"]

1. d4 d5 2. Nf3 Nf6 3. c4 c6 4. g3 e6 5. Bg2 Bb4+ 6. Bd2 Bxd2+ 7. Nbxd2 O-O 8.
O-O Nbd7 9. Qc2 Re8 10. Rac1 e5 11. cxd5 e4 12. dxc6 Nb6 13. Ng5 bxc6 14. Ngxe4
Qxd4 15. Nxf6+ Qxf6 16. Bxc6 Bh3 17. Bxa8 Bxf1 18. Kxf1 Rxa8 19. Nf3 h6 20. b3
Rc8 21. Qb1 Re8 22. Rd1 Qe6 23. Qd3 Qh3+ 24. Kg1 Qe6 25. Rd2 Rc8 26. Rc2 Re8
27. Kg2 Qe7 28. Rd2 Rc8 29. e3 Qb7 30. Qb5 Qa8 31. h4 Re8 32. Rd4 Re6 33. a4
Rf6 34. e4 Qc8 35. Qd3 Qe6 36. Rd8+ Kh7 37. e5+ Rg6 38. h5 1-0

[Event "Dimitrovgrad_Chmp_2023"]
[Site "Dimitrovgrad"]
[Date "2023.05.02"]
[Round "6"]
[White "Bredihin, Dmitriy"]
[Black "Abramov, Gordey P."]
[Result "1-0"]
[WhiteElo "2166"]
[BlackElo "1832"]
[PlyCount "77"]

1. Nf3 Nf6 2. c4 c6 3. g3 e6 4. Bg2 d5 5. b3 Bd6 6. Bb2 Nbd7 7. O-O O-O 8. Nc3
dxc4 9. bxc4 b6 10. Nd4 Bb7 11. Nxc6 Bxc6 12. Bxc6 Rc8 13. Bxd7 Qxd7 14. d3 a6
15. a4 Qc7 16. Ba3 Rfd8 17. Bxd6 Qxd6 18. Rb1 h5 19. h4 Ng4 20. Ne4 Qd4 21. Qb3
Rb8 22. Qc3 Qd7 23. Rb4 f5 24. Ng5 Qd6 25. Rfb1 f4 26. Ne4 Qc7 27. c5 fxg3 28.
fxg3 bxc5 29. Qxc5 Rxb4 30. Rxb4 Qf7 31. Ng5 Qf6 32. Rb1 Rf8 33. Ne4 Qd8 34.
Rb7 Rf5 35. Qa7 Qf8 36. Rb8 Rf1+ 37. Kg2 Ne3+ 38. Qxe3 Qxb8 39. Kxf1 1-0

[Event "Dimitrovgrad_Chmp_2023"]
[Site "Dimitrovgrad"]
[Date "2023.05.02"]
[Round "6"]
[White "Abramov, Sergey"]
[Black "Akimov, Gennadiy"]
[Result "1-0"]
[WhiteElo "1988"]
[BlackElo "1923"]
[PlyCount "127"]

1. Nf3 c5 2. c4 Nc6 3. Nc3 d6 4. d4 cxd4 5. Nxd4 Bd7 6. g3 Nf6 7. Bg2 g6 8. O-O
Bg7 9. b3 O-O 10. Bb2 a6 11. e4 Qb6 12. Nc2 Qa5 13. Qd2 Rad8 14. Rfd1 Bg4 15.
f3 Bc8 16. Ne3 Bh6 17. h3 Qb6 18. Re1 Qa5 19. Qf2 Nb4 20. Rad1 Be6 21. Ned5
Rfe8 22. Nxf6+ exf6 23. a3 Nc6 24. Nd5 Bxd5 25. Rxd5 Qc7 26. Bxf6 Ne7 27. Rd3
Bf8 28. Red1 Rd7 29. e5 Nf5 30. g4 Ng7 31. c5 d5 32. b4 Rxe5 33. Bxe5 Qxe5 34.
f4 Qf6 35. Rxd5 Rxd5 36. Bxd5 a5 37. Bxb7 axb4 38. axb4 Qc3 39. Bg2 Qxb4 40.
Rd8 Ne6 41. Rxf8+ Kxf8 42. c6 Qc4 43. f5 Nf4 44. Qf3 Nxg2 45. Kxg2 gxf5 46.
gxf5 f6 47. Qa3+ Kg8 48. Qg3+ Kf7 49. Qf3 Qc1 50. Qd5+ Kg7 51. Kf2 Qf4+ 52. Ke2
Qh2+ 53. Kd3 Qxh3+ 54. Kd4 Qg4+ 55. Kc5 Qg1+ 56. Kd6 Qb6 57. Ke7 Qb4+ 58. Qd6
Qe4+ 59. Kd8 Qa4 60. c7 Qa5 61. Qe7+ Kh6 62. Qxf6+ Kh5 63. Qf7+ Kg4 64. Qxh7
1-0

[Event "Dimitrovgrad_Chmp_2023"]
[Site "Dimitrovgrad"]
[Date "2023.05.02"]
[Round "6"]
[White "Zaletov, Yuri"]
[Black "Shaykin, Andrey"]
[Result "1-0"]
[WhiteElo "2088"]
[BlackElo "1739"]
[PlyCount "95"]

1. e4 e5 2. Nf3 d6 3. d4 exd4 4. Nxd4 g6 5. Nc3 Bg7 6. Be3 Ne7 7. Qd2 Nbc6 8.
h4 f5 9. h5 fxe4 10. hxg6 hxg6 11. Rxh8+ Bxh8 12. O-O-O Bf5 13. Bb5 Qd7 14. Rh1
O-O-O 15. Rh7 Bxd4 16. Bxd4 Qe6 17. Be3 a6 18. Ba4 g5 19. Rh1 g4 20. Bg5 Rf8
21. Qe3 Nd5 22. Nxd5 Qxd5 23. Bb3 Qd4 24. Rh5 Qxe3+ 25. Bxe3 Na5 26. Bd5 c6 27.
Rxf5 Rxf5 28. Be6+ Kc7 29. Bxf5 d5 30. b3 b5 31. Bxg4 Nb7 32. Be2 Kd6 33. c3
Nd8 34. b4 Nb7 35. Bg4 Kc7 36. Bf5 a5 37. a3 axb4 38. axb4 Kd6 39. Bf4+ Ke7 40.
Bc8 Nd6 41. Bxd6+ Kxd6 42. Kd2 c5 43. bxc5+ Kxc5 44. g4 Kd6 45. Ke3 Ke5 46. Bd7
b4 47. cxb4 d4+ 48. Kd2 1-0

[Event "Dimitrovgrad_Chmp_2023"]
[Site "Dimitrovgrad"]
[Date "2023.05.02"]
[Round "6"]
[White "Shapran, Stefaniya"]
[Black "Slaboganin, Vladimir"]
[Result "1-0"]
[WhiteElo "1793"]
[BlackElo "1950"]
[PlyCount "59"]

1. c4 c5 2. Nc3 Nc6 3. g3 g6 4. Bg2 Bg7 5. e3 d6 6. Nge2 Bg4 7. h3 Bd7 8. O-O
Qc8 9. Kh2 Nf6 10. b3 O-O 11. d4 cxd4 12. exd4 Nh5 13. Rb1 f5 14. d5 Ne5 15. f4
Nf7 16. Bb2 Nf6 17. Nd4 Nd8 18. Re1 Re8 19. Re2 Qc5 20. Ncb5 Bxb5 21. Nxb5 Ne4
22. Bxe4 fxe4 23. Bxg7 Kxg7 24. Qd4+ Qxd4 25. Nxd4 e5 26. Rxe4 Kf8 27. Nb5 Re7
28. Nxd6 exf4 29. Rxf4+ Kg7 30. Rb2 1-0

[Event "Dimitrovgrad_Chmp_2023"]
[Site "Dimitrovgrad"]
[Date "2023.05.02"]
[Round "6"]
[White "Guliev, Fahrutdin"]
[Black "Kondyurin, Yakov"]
[Result "1-0"]
[WhiteElo "1741"]
[BlackElo "1600"]
[PlyCount "53"]

1. d4 d5 2. c4 dxc4 3. e4 e5 4. d5 Bb4+ 5. Nc3 a5 6. Bxc4 Nf6 7. Qe2 O-O 8. h3
b5 9. Bxb5 c6 10. dxc6 Qd4 11. Bd2 Ba6 12. a4 Bxb5 13. axb5 a4 14. Nf3 Qb6 15.
O-O Ra5 16. Be3 Bc5 17. Bxc5 Qxc5 18. Rxa4 Qb6 19. Rxa5 Qxa5 20. Nd5 Nxd5 21.
exd5 h6 22. d6 e4 23. Nd4 Re8 24. d7 Nxd7 25. cxd7 Rd8 26. Qxe4 Rxd7 27. Qe8+
1-0

[Event "Dimitrovgrad_Chmp_2023"]
[Site "Dimitrovgrad"]
[Date "2023.04.08"]
[Round "7"]
[White "Rudnev, Yuri"]
[Black "Bredihin, Dmitriy"]
[Result "0-1"]
[WhiteElo "2097"]
[BlackElo "2166"]
[PlyCount "60"]

1. e4 c5 2. Nf3 d6 3. d4 cxd4 4. Nxd4 Nf6 5. Nc3 a6 6. Bg5 e6 7. f4 Qc7 8. Qf3
Be7 9. O-O-O Nbd7 10. g4 h6 11. Bxf6 Nxf6 12. g5 hxg5 13. fxg5 Nd7 14. g6 Bg5+
15. Kb1 Ne5 16. gxf7+ Qxf7 17. Qg2 Bf6 18. Be2 Bd7 19. Nf3 Nxf3 20. Bxf3 Be5
21. Rdf1 O-O-O 22. Bg4 Qe7 23. h3 Kb8 24. Nd1 Rc8 25. Nf2 Ba4 26. b3 Rxc2 27.
Kxc2 Qc7+ 28. Kd1 Bb5 29. Qf3 Rc8 30. Qe3 Qc2+ 0-1

[Event "Dimitrovgrad_Chmp_2023"]
[Site "Dimitrovgrad"]
[Date "2023.04.09"]
[Round "9"]
[White "Markelov, Alexey"]
[Black "Abramov, Alexander"]
[Result "0-1"]
[WhiteElo "1956"]
[BlackElo "2103"]
[PlyCount "62"]

1. d4 Nf6 2. c4 g6 3. Nc3 Bg7 4. e4 d6 5. Bd3 O-O 6. Nge2 e5 7. d5 Nbd7 8. Qc2
Nc5 9. Be3 Nxd3+ 10. Qxd3 Ng4 11. O-O-O Qh4 12. Rdf1 Nxe3 13. Qxe3 Bh6 14. f4
f5 15. Qg3 Qe7 16. Kc2 fxe4 17. fxe5 Bf5 18. e6 e3+ 19. Kb3 c5 20. Rd1 a6 21.
Rhf1 b5 22. cxb5 axb5 23. Nxb5 Qb7 24. Nec3 e2 25. Qxd6 Bc2+ 26. Kxc2 Rxf1 27.
Nxe2 Qxb5 28. Rd3 Qa4+ 29. b3 Qxa2+ 30. Kc3 Bg7+ 31. Kc4 Qxe2 0-1

[Event "Dimitrovgrad_Chmp_2023"]
[Site "Dimitrovgrad"]
[Date "2023.04.09"]
[Round "9"]
[White "Abramov, Sergey"]
[Black "Rudnev, Yuri"]
[Result "1/2-1/2"]
[WhiteElo "1988"]
[BlackElo "2150"]
[PlyCount "83"]

1. Nf3 Nf6 2. c4 c6 3. d4 d5 4. Nc3 e6 5. Bg5 Be7 6. e3 Nbd7 7. Qc2 O-O 8. Bd3
dxc4 9. Bxc4 b5 10. Bd3 a6 11. O-O c5 12. Rad1 cxd4 13. Nxd4 Bb7 14. a3 Re8 15.
b4 Qb6 16. Qb3 Rac8 17. Rc1 Ne5 18. Be2 Nc4 19. Rfd1 h6 20. Bh4 Nd5 21. Bxe7
Nxe7 22. Bf3 Bxf3 23. Nxf3 Red8 24. a4 Rxd1+ 25. Rxd1 Nxe3 26. a5 Qc6 27. fxe3
Qxc3 28. Qxc3 Rxc3 29. Rd6 Rxe3 30. Rxa6 Nd5 31. Ra8+ Kh7 32. Nd4 Re4 33. Nxb5
Rxb4 34. Nd6 Kg6 35. a6 Ra4 36. Nb5 Nb6 37. Ra7 e5 38. Nc7 e4 39. Rb7 Nc8 40.
Rb8 Ne7 41. Rb7 Nc8 42. Rb8 1/2-1/2

[Event "Dimitrovgrad_Chmp_2023"]
[Site "Dimitrovgrad"]
[Date "2023.04.09"]
[Round "9"]
[White "Lazutin, Valeriy"]
[Black "Zaletov, Yuri"]
[Result "0-1"]
[WhiteElo "1935"]
[BlackElo "2088"]
[PlyCount "80"]

1. d4 Nf6 2. c4 c5 3. Nf3 cxd4 4. Nxd4 e5 5. Nf3 Nc6 6. Nc3 Bb4 7. Bd2 e4 8.
Ng5 Bxc3 9. Bxc3 O-O 10. e3 h6 11. Nh3 d5 12. Nf4 dxc4 13. Qxd8 Rxd8 14. Bxc4
Ng4 15. Ke2 Nge5 16. Bd5 g5 17. Bxc6 Nxc6 18. Nh3 Bg4+ 19. Ke1 b5 20. Ng1 b4
21. Bd2 Ne5 22. h3 Nd3+ 23. Kf1 Be6 24. b3 Nxf2 25. Kxf2 Rxd2+ 26. Ne2 Rc8 27.
Rhd1 Rcc2 28. Rxd2 Rxd2 29. Ke1 Rb2 30. Kf1 Bc8 31. Nd4 Ba6+ 32. Kg1 Bd3 33. a3
a5 34. axb4 axb4 35. Ra4 f5 36. Rxb4 f4 37. Nf5 Kh7 38. Rb6 f3 39. Rxh6+ Kg8
40. Ne7+ Kf7 0-1